The century of revolution, 1603-1714

In 1961 Christopher Hill first published what has come to be acknowledged as the best concise history of the period, Century of Revolution. Stimulating, vivid and provocative, his graphic depiction of the turbulent era examines ordinary English men and women as well as kings and queens. Hill argued...

Full description

Saved in:
Bibliographic Details
Main Author: Hill, Christopher
Format: Book
Language:English
Published: London, UK Routledge 1980
Edition:2nd ed.
Subjects:
Tags: Add Tag
No Tags, Be the first to tag this record!
Call Number :DA 390 .H55 1980

MARC

LEADER 00000nam a2200000 a 4500
001 50417
003 MY-KLNDU
005 20241219013305.0
008 140108 1980 xxka bi 000 0 eng d
020 |a 0415267390 (pbk) 
020 |a 0415267382 (hbk) 
039 9 |a 201405161216  |b zul  |y 201401081256  |z azraai 
040 |a UPNM 
090 |a DA 390  |b .H55 1980 
100 1 |a Hill, Christopher 
245 1 4 |a The century of revolution, 1603-1714  |c Christopher Hill 
250 |a 2nd ed. 
260 |a London, UK  |b Routledge  |c 1980 
300 |a x, 355 p.  |b ill.  |c 20 cm. 
504 |a Includes bibliographical references and index 
505 |a pt. 1. 1603-40 -- pt. 2. 1640-60 -- pt. 3. 1660-88 -- pt. 4. 1688-1714 
520 |a In 1961 Christopher Hill first published what has come to be acknowledged as the best concise history of the period, Century of Revolution. Stimulating, vivid and provocative, his graphic depiction of the turbulent era examines ordinary English men and women as well as kings and queens. Hill argued that the Civil War was driven by the conflict between the old feudal élites and the growing merchant classes. Society and the State are dissected alongside other aspects such as Protestantism and the rise of capitalism and the questioning of hitherto unassailable authorities such as the church and the law. Full of wit and insight, his treatment of what is regarded as one of England's most formative periods is one that is as truly satisfying in the second edition, as it was in 1961. 
592 |b 9/11/13  |c RM59.11  |h BL 
651 0 |a Great Britain  |x History  |y Stuarts, 1603-1714 
651 0 |a Great Britain  |x Civilization  |y 17th century 
999 |a vtls000051107  |c 50417  |d 50417